000 00866nam a22002897a 4500
005 20251024190216.0
008 170829b2007 xxu||||| |||| 00| 0 spa d
020 _a9788484434283
041 _aCHI
041 _aESP
082 _a495.183.461 C539c
100 _aShu-hsiung, Wu
_944060
100 _aUlrich, Hoss
_944061
245 _aChino: curso completo de autoaprendizaje
260 _aEspaña
260 _bDifusión
260 _c2007
300 _a127 páginas
490 _aTemática General
505 _aContiene disco compacto N° 211
505 _aCD 1 (Unidades 1-12) CD 2 (Unidades 13-23)
505 _aEL anexo incluye: guía completa de pronunciación, contenidos gramaticales del libro y diccionario bilingüe español-chino, chino-español
650 _aCHINO
650 _aIDIOMAS
942 _cBK
_2ddc
999 _c9821
_d9821